[Event "Budapest m"]
[Site "Budapest"]
[Date "2000.01.07"]
[Round "4"]
[White "Leko, Peter"]
[Black "Khalifman, Alexander"]
[Result "1-0"]
[WhiteElo "2701"]
[BlackElo "2628"]
[Annotator "Finkel,A"]
[PlyCount "105"]
[EventDate "2000.01.03"]
[EventType "match"]
[EventRounds "6"]
[EventCountry "HUN"]
[SourceTitle "CBM 075"]
[Source "ChessBase"]
[SourceDate "2000.04.05"]
[SourceVersion "1"]
[SourceVersionDate "2000.04.05"]
[SourceQuality "1"]

1. e4 e6 2. d4 d5 3. Nc3 Nf6 4. Bg5 dxe4 5. Nxe4 Be7 6. Bxf6 Bxf6 7. Nf3 O-O 8.
Bc4 Nc6 (8... Nd7 9. Qe2 (9. O-O c5 10. c3 cxd4 11. Nxf6+ Nxf6 12. Nxd4 Qc7 13.
Bb3 Bd7 {1/2-1/2 Short,N-Kortschnoj,V/EUCup f 1988}) 9... Be7 $5 $146 (9... Nb6
10. Bb3 Bd7 11. O-O Bc6 12. Nxf6+ gxf6 $6 13. Rad1 Kh8 14. c4 $14 {
Spassky-Czerniak/Goteborg/1971}) (9... c6 10. O-O b6 11. Rad1 Qc7 12. Nxf6+
Nxf6 13. Qe5 Qe7 14. c3 Bb7 15. Rfe1 $14 {Fischer-Pachman/Leipzig ol/1960}) 10.
O-O (10. O-O-O $13) 10... c5 $1 11. d5 $6 (11. Rfd1 $13) 11... exd5 12. Bxd5
Nb6 $15 {Smirin,I-Lputian,S/Wijk op 1993}) 9. c3 (9. Nxf6+ Qxf6 10. O-O e5 11.
Nxe5 Nxe5 12. dxe5 Qxe5 13. c3 {1/2-1/2 Balashov,Y-Dreev,A/RUS-ch 1995}) 9...
e5 10. d5 Nb8 11. Qe2 (11. d6 $5 Bf5 12. Qd5 Nd7 13. Qxb7 Bxe4 14. Qxe4 Nc5 15.
Qd5 cxd6 16. O-O $14 {Groszpeter,A-Dizdar,G/AUT-chT qual 1997}) 11... Bf5 12.
O-O-O Nd7 13. Ng3 Bg6 14. Bd3 $1 {Very important improvment,comparing to the
game Bologan-Gurevich,where white played 14.h4 and after 14...e4! the game was
drawn almost by force.This game is example of fight of "good" knight versus
"bad" bishop,and this time the good guy won.} (14. h4 e4 15. Nxe4 Re8 16. Nxf6+
Qxf6 17. Qd2 Nb6 $44 {Bologan,V-Gurevich,M/Festival comtois 4th 1999}) 14...
Bxd3 (14... Nc5 15. Bxg6 hxg6 16. h4 Re8 17. Ne4 Nxe4 18. Qxe4 Qd7 19. g4 $16)
15. Qxd3 Nc5 16. Qe3 b6 17. h4 Re8 {[%cal Ge5e4]} 18. Ne4 $1 Nxe4 19. Qxe4 $14
{[%cal Gg2g5,Gh4h5] It's easy to see that the bishop is out of play.Till the
end of the game black didn't manage to find a solution to this problem.} g6 20.
g4 Bg7 21. h5 (21. g5 $6 Qd7 22. h5 Qf5 (22... Rad8) 23. Qxf5 gxf5 24. Nh4 f4
25. h6 Bh8 $14) 21... Qf6 22. hxg6 (22. Nd2 $6 Bh6 $1 23. hxg6 Bxd2+ (23...
Qxg6) 24. Rxd2 hxg6 25. f3 Kg7 26. Rdh2 Rh8 27. Qe3 Rxh2 28. Rxh2 Rh8 $11)
22... hxg6 23. Nd2 $1 c6 (23... Qxf2 24. Rdf1 Qg3 (24... Qc5 25. Qf3 Qe7 26.
Ne4 $16 {[%cal Gg4g5,Gf3h3]}) 25. Qe2 $1 {[%csl Rg3][%cal Gd2e4]} e4 26. Nxe4
Qe5 27. Qf3 {[%csl Rf7]} Re7 (27... Qe7 28. g5 Rad8 29. c4 b5 30. Rh4 bxc4 31.
Rfh1 $18) 28. d6 cxd6 29. Nf6+ Bxf6 30. Qxa8+ Re8 31. Qf3 $16) 24. dxc6 Rac8
25. f3 Rxc6 ({May be better was} 25... Qxc6 $5 26. Qxc6 $5 (26. g5 Qxe4 27.
Nxe4 Red8 28. Kc2 Kf8 29. a4 $14) 26... Rxc6 27. Ne4 f5 28. gxf5 gxf5 29. Nd6
Rf8 30. Rh5 $16 {,but the ending is extremly unpleasent.}) 26. Qe2 Qe6 27. Kb1
{[%cal Gg4g5,Gd2e4,Ge2h2]} e4 $5 {Trying to get a space for the pieces,but
white with accurate play restrains all the attempts.} 28. Qxe4 (28. Nxe4 $2 f5
{[%cal Ge8e2]} 29. gxf5 gxf5 30. Rh4 fxe4 31. Rxe4 Qg6 $17) 28... Qc8 29. Qd3
Rd8 30. Qe2 Re6 31. Ne4 Rxd1+ (31... f5 32. Rxd8+ Qxd8 33. Qc4 $18 {[%cal
Gc4g8]} Kf7 34. f4 $1) 32. Qxd1 Qc6 33. Qd3 a5 34. Rd1 $16 Be5 35. Qe3 Qc7 (
35... b5 36. Rd8+ Kg7 37. Qc5 (37. Ng5 $6 Re7 38. f4 $2 Qh1+ 39. Kc2 Qh2+ {
[%cal Gh2c2,Gh2f4]}) 37... Qxc5 38. Nxc5 Re7 39. Rd5 $18) 36. Rd5 Bg7 37. Qd3
Re8 38. Rd7 Qe5 39. a4 $1 Rf8 40. Qd5 Qf4 41. Nd6 Be5 42. Nc4 $18 {[%csl Ra5,
Rb6] Now it becomes clear that black pawns on the queenside will soon fall
prays of white pieces.} Bc7 43. Qc6 $1 Bd8 44. Rb7 Kg7 45. Nxb6 Bxb6 46. Rxb6
Rd8 47. Ra6 Qd2 48. Qe4 Rd5 49. Ra7 g5 50. Ka2 Rc5 51. Qd4+ Qxd4 52. cxd4 Rd5
53. Kb3 1-0

[Event "Sigeman & Co 11th"]
[Site "Malmo"]
[Date "2003.04.30"]
[Round "2"]
[White "Hector, Jonny"]
[Black "Lindberg, Bengt"]
[Result "1-0"]
[WhiteElo "2553"]
[BlackElo "2392"]
[Annotator "Finkel,A"]
[PlyCount "71"]
[EventDate "2003.04.29"]
[EventType "tourn"]
[EventRounds "9"]
[EventCountry "SWE"]
[EventCategory "13"]
[SourceTitle "CBM 095"]
[Source "ChessBase"]
[SourceDate "2003.07.25"]
[SourceVersion "1"]
[SourceVersionDate "2003.07.25"]
[SourceQuality "1"]

1. d4 Nf6 2. Nc3 d5 3. Bg5 Nbd7 4. Qd3 e6 {Transposing into a french defense}
5. e4 dxe4 6. Nxe4 Be7 7. Nxf6+ Bxf6 8. Bxf6 Qxf6 9. Nf3 c5 (9... O-O 10. Qc3 (
10. O-O-O e5 11. Qe3 exd4 12. Rxd4 Nc5 13. Rf4 Qh6 $11 {Shirazi,K-Quinteros,M/
Jakarta 1978}) (10. Be2 Re8 11. Qe4 Qe7 12. O-O Nf6 13. Qh4 Nd5 14. Qxe7 Rxe7
15. a3 f6 16. Rfe1 b6 17. g3 c6 $11 {Vymazal,B-Petr,M/Czechia 2001}) (10. Qe3
$5 c5 11. Bd3 cxd4 12. Qxd4 Qxd4 13. Nxd4 Nc5 14. Bc4 Bd7 15. O-O-O Rfd8 16.
Rhe1 a6 17. Nb3 Nxb3+ 18. Bxb3 Bc6 $11 {Roesch,A-Orsag,M/Germany 1996}) 10...
c5 11. O-O-O cxd4 12. Qxd4 Qf5 13. Bd3 Qa5 14. Kb1 Re8 15. Qh4 Nf8 16. Rhe1 e5
$11 {Johner,P-Znosko Borovsky,E/Ostend 1906}) 10. O-O-O O-O (10... cxd4 11.
Qxd4 Qxd4 12. Nxd4 a6 13. g3 b6 14. Bg2 Ra7 15. Nc6 Rc7 16. Rd6 $14 {Tolnai,
T-Balogh,C/Budapest 2000}) 11. Qe3 b6 (11... cxd4 12. Rxd4 e5 13. Re4 Qe6 14.
Bc4 Qc6 15. Bb3 Nf6 16. Rc4 $16) 12. Bb5 $1 $16 {All this was played in
Hector-Koneru game in the beginning of the year, which ended up a painfull
defeat for black who didn't succeed to solve the opening problems.} Qe7 {
I am not sure black was aware of above mentioned game since this move can
hardly be call an improvment comparing to the 12...c:d4 which was tried in the
previous one.} (12... cxd4 13. Rxd4 Qe7 (13... Nc5 14. Ne5 a6 15. Bc6 Ra7 16.
Rhd1 Rc7 17. g4 $16) 14. Bc6 Rb8 15. Rhd1 $16 {Hector,J-Koneru,H/Wijk aan Zee
2003/CBM 93_01}) 13. d5 $1 {[%cal Ge3e7] Creating very strong passer.} Nf6 14.
Bc6 Rb8 15. d6 Qd8 16. d7 Bb7 17. Ne5 Ng4 $8 {Other moves aren't any better.} (
17... Qc7 18. Bxb7 Rxb7 19. Qf3 $1 {[%csl Rb7]} Nd5 (19... Rd8 20. Rhe1 c4 21.
g4 $18 {[%csl Rf7][%cal Gg4g5]}) 20. Rhe1 c4 21. Rxd5 exd5 22. Qxd5 $18 {
[%csl Gd7]}) 18. Nxg4 Bxc6 19. Rd6 Bd5 20. Rd1 h5 $6 {[%csl Rg8] After this
move the black king is in grave danger, but also after the more persistant} (
20... f6 {[%csl Ge5] black would've hardly survived} 21. Qg3 f5 (21... Kh8 22.
Ne3) 22. c4 Bxc4 23. Ne5 Bd5 24. R1xd5 exd5 25. Nc6 Qc7 26. Qe5 $16) 21. c4 $1
$16 {White's play is very enrgetic and strong.} Bxc4 22. Ne5 Bd5 23. R1xd5 exd5
24. Nc6 Qc7 (24... Qh4 25. Nxb8 Rxb8 26. Qe8+ Kh7 27. d8=Q $1 (27. Qxb8 Qc4+
28. Kd2 Qd4+ $11) 27... Rxd8 28. Rxd8 Qc4+ 29. Kd2 Qd4+ 30. Ke1 Qb4+ 31. Kf1
Qc4+ 32. Qe2 $18) 25. Ne7+ Kh7 26. Qe5 $1 {[%csl Rh7]} g6 27. Nxd5 Qd8 28. Nf6+
Kh6 29. g4 $18 hxg4 30. Nxg4+ Kh7 31. Nf6+ Kh6 (31... Kg7 32. Ne8+ Kh6 33. Qg7+
Kg5 34. Qxf8 $18) 32. Rd3 $1 {[%cal Gd3h3]} g5 33. Rh3+ Kg6 34. Qe4+ Kg7 35.
Rh7+ Kxf6 36. Rh6+ 1-0

[Event "Sigeman & Co 11th"]
[Site "Malmo"]
[Date "2003.05.07"]
[Round "8"]
[White "Lindberg, Bengt"]
[Black "Ivanchuk, Vassily"]
[Result "0-1"]
[WhiteElo "2392"]
[BlackElo "2704"]
[Annotator "Finkel,A"]
[PlyCount "110"]
[EventDate "2003.04.29"]
[EventType "tourn"]
[EventRounds "9"]
[EventCountry "SWE"]
[EventCategory "13"]
[SourceTitle "CBM 095"]
[Source "ChessBase"]
[SourceDate "2003.07.25"]
[SourceVersion "1"]
[SourceVersionDate "2003.07.25"]
[SourceQuality "1"]

1. e4 e6 2. d4 d5 3. Nc3 Nf6 4. Bg5 dxe4 5. Nxe4 Be7 6. Bxf6 gxf6 7. Nf3 a6 8.
c4 O-O 9. Qd2 Kh8 $6 {An interesting attempt to drag the much weaker opponent
to an unknown position and to outplay him there. In fact that's exactly what
happened in this particular game, nevertheless Ivanchuk's novelty may hardly
be treated seriously and I doubt we will ever see this move played at the top
level.} (9... f5 10. Nc3 c5 11. d5 Bf6 12. O-O-O $14) 10. O-O-O Rg8 11. Qc2 (
11. h4 b5 12. d5 bxc4 13. Bxc4) (11. g3 $5 Nd7 (11... f5 12. Nc3 Bf6 13. Qe3
$16) 12. Bg2 $14) 11... f5 12. Ng3 $6 {Knight's place is on c3, but even after
this inaccuracy white keeps better chances.} (12. Nc3) 12... Qf8 13. Kb1 Nd7
14. d5 (14. c5 $5) 14... Nc5 15. dxe6 {White doesn't stand the pressure. Very
dangerous for black was} (15. Qc3+ $5 Qg7 16. Qe3 {[%cal Gg3h5]} Bd6 (16... Na4
17. Ne5 Bc5 18. Qe2 $14) 17. Nh5 Qg4 18. Nf6 (18. Qc3+ e5 19. Nf6 Ne4 $17)
18... f4 19. Qc3 Qf5+ 20. Bd3 Nxd3 21. Rxd3 $14) 15... fxe6 16. Nh5 Bf6 17. Qe2
$6 {I guess it was about time to start exchanging pieces by} (17. Nxf6 Qxf6 18.
g3 b6 19. Bg2 Bb7 20. Nh4 Bxg2 21. Nxg2 $13 {with equal position.}) 17... b6
18. Nxf6 Qxf6 19. Qe5 (19. Ne5 f4 $1 $15) 19... Qg7 $1 {Bringing the king to
the center.} 20. Qxg7+ Kxg7 {[%cal Gg7f6]} 21. Ne5 Ne4 $15 22. Nd3 Kf6 23. f3 (
23. g3 $2 Bb7 24. Bg2 Nc3+ $17) 23... Nc5 24. Nxc5 bxc5 25. f4 $6 {[%csl Rg2]
Losing by force.} (25. Rd2 Bb7 (25... e5 26. Rd5 Bb7 27. Rxc5 Rg7 $44) 26. Rd7
Rg7 27. Rxg7 Kxg7 28. Be2 Rd8 29. Rd1 Rd4 $15) 25... Bb7 26. Rg1 Rad8 27. Rxd8
Rxd8 $17 28. Kc1 Rd4 29. g3 Bf3 $1 {Forcing white to give up a pawn on c4.} 30.
Bg2 Rxc4+ 31. Kd2 Bd5 32. a3 a5 33. Bf1 Rd4+ 34. Kc1 h5 35. h4 Bf3 36. Bb5 (36.
Bg2 Bxg2 37. Rxg2 Rd3 38. Kc2 c4 $17 {[%csl Rg2,Rg3]}) 36... c6 37. Ba6 c4 $19
{[%csl Ra6] Cutting the bishop off.} 38. Re1 Ke7 39. Re3 Bd5 40. Kc2 Kd7 41.
Kc1 Kd6 42. Kc2 Be4+ 43. Kc3 Kc5 44. Bc8 Rd1 45. Bxe6 Rc1+ 46. Kd2 Rc2+ 47. Kd1
Rxb2 48. Bxf5 Bxf5 49. Re5+ Kd4 50. Rxf5 Kd3 51. Kc1 Rg2 52. Rf6 Rg1+ 53. Kb2
c3+ 54. Ka2 c2 55. Rd6+ Ke4 0-1

[Event "Petrov Memorial op"]
[Site "St Petersburg"]
[Date "2000.02.14"]
[Round "7"]
[White "Chernyshov, Konstantin"]
[Black "Feoktistov, Alexey A"]
[Result "1/2-1/2"]
[WhiteElo "2544"]
[BlackElo "2373"]
[Annotator "Finkel,A"]
[PlyCount "77"]
[EventDate "2000.02.05"]
[EventType "swiss"]
[EventRounds "9"]
[EventCountry "RUS"]
[SourceTitle "CBM 076"]
[Source "ChessBase"]
[SourceDate "2000.05.31"]
[SourceVersion "1"]
[SourceVersionDate "2000.05.31"]
[SourceQuality "1"]

1. e4 e6 2. d4 d5 3. Nd2 dxe4 4. Nxe4 Nd7 5. Nf3 Ngf6 6. Bg5 Be7 7. Ned2 $5 {
Definitly not the most dangerous continuation for black,but not without the
poison:as shows this game,if black loses cautiosness he may find himself in
troubles.} c5 (7... O-O 8. Bd3 c5 9. O-O cxd4 10. Nxd4 Ne5 11. N2f3 Nxd3 12.
Qxd3 Bd7 $132 {Welten,H-Sanders,S/HZ Open 1999}) 8. Nc4 (8. Be2 O-O 9. O-O b6
10. Ne5 Bb7 11. Bf3 Nd5 12. Bxe7 Qxe7 13. Nxd7 Qxd7 14. dxc5 bxc5 15. Nb3 Qc7
16. c4 $14 {Waitzkin,J-Vulicevic,N/NY Marshall CC 1993}) 8... b5 $5 9. Nce5 Qb6
10. Qe2 a6 (10... cxd4 11. O-O-O (11. Qxb5 Bb4+ 12. Kd1 Ne4 13. Bh4 Be7 $13)
11... a6) 11. O-O-O cxd4 12. Nxd7 (12. Nxd4 $6 Nxe5 13. Qxe5 Bb7 14. Be2 Bd6
15. Qe3 Nd5 $36) 12... Bxd7 13. Nxd4 O-O $6 {Inaccuracy,permitting white to
get very comfortable advantage.After} (13... Rd8 $5 {the position seems to be
equal.}) 14. Nf5 $1 $14 {[%cal Ge2e7]} exf5 15. Qxe7 Rfe8 16. Qd6 {No doubt
that white keeps an advantage in the endgame,but deserved attention} (16. Qb4
$5 {[%cal Gb4h4] keeping the queens on the board.}) 16... Qxd6 17. Rxd6 Re1+
18. Rd1 (18. Kd2 $2 Rxf1 19. Rxf1 Ne4+ $19 {[%cal Ge4d6,Ge4d2]}) 18... Rxd1+
19. Kxd1 Ne4 20. Be3 f4 21. Bd4 Rd8 22. c3 Bc6 (22... Be6 $5) 23. Kc1 f3 $5 {
The best way to defend.} 24. gxf3 (24. g3 $6 Rxd4 $5 25. cxd4 Nxf2 26. Rg1 Bd5
$1 (26... Ng4 $2 27. Bh3 Nf2 28. Bf5 $16) 27. b3 $1 (27. a3 $2 Ng4 28. Bh3 f2
29. Rf1 Bc4 $17) (27. g4 $6 Bxa2 28. Kd2 (28. Rg3 Bd5) 28... Bd5 29. h4 f6 $15)
27... f5 28. Kd2 Ne4+ 29. Kd3 g5 $13) (24. Rg1 $5 $14) 24... Ng5 25. Rg1 Ne6
26. Bf6 (26. Be3 Bxf3 27. Bh3 (27. Rg3 Rd1+ 28. Kc2 Rxf1 29. Rxf3 Rh1 30. h3
Kf8 $11) 27... Kf8 28. Bf5 g6 29. Bc2 f6 $13) 26... Re8 27. Bh3 $6 {Dubious
idea based on wrong assesment of the arising endgame.Better was} (27. f4 Kf8
28. Be5 $14 {keeping an advntage.}) 27... Bxf3 28. Bxe6 $6 (28. Rg3 $5) 28...
Rxe6 29. Rxg7+ (29. Bxg7 Rg6 30. Rxg6 fxg6 31. Bd4 Kf7 $11) 29... Kf8 30. Bd4
Re1+ 31. Kd2 (31. Kc2 Rh1 $1 (31... Re2+ 32. Kb3 Rxf2 33. Rxh7 Bd5+ 34. Ka3 $16
) 32. Kd3 Rxh2 33. Ke3 Bd5 $11) 31... Re2+ 32. Kd3 Rxb2 33. Ke3 ({The last
chanse to fight for a win was,but also in this case black doesn't seem to have
a problem to hold the position:} 33. Rxh7 $5 Rxa2 34. h4 f6 $1 (34... Ke7 35.
h5 Ke6 36. Ke3 Bd1 37. h6 $14) 35. Ke3 Bd1 36. Kf4 $14) 33... Bd1 34. a3 Re2+
35. Kd3 Rxf2 $1 $11 36. Rxh7 Bc2+ 37. Ke3 Bxh7 38. Kxf2 Ke7 39. Ke3 1/2-1/2

[Event "Budapest Hunguest Hotels"]
[Site "Budapest"]
[Date "2003.04.18"]
[Round "7"]
[White "Polgar, Judit"]
[Black "Berkes, Ferenc"]
[Result "1-0"]
[WhiteElo "2715"]
[BlackElo "2578"]
[Annotator "Finkel,A"]
[PlyCount "47"]
[EventDate "2003.04.11"]
[EventType "tourn"]
[EventRounds "9"]
[EventCountry "HUN"]
[EventCategory "17"]
[SourceTitle "CBM 095"]
[Source "ChessBase"]
[SourceDate "2003.07.25"]
[SourceVersion "1"]
[SourceVersionDate "2003.07.25"]
[SourceQuality "1"]

{[%mdl 1]} 1. e4 {Ftacnik} e6 2. d4 d5 3. Nc3 Nf6 4. Bg5 dxe4 5. Nxe4 Be7 6.
Bxf6 Bxf6 7. Nf3 O-O 8. Qd2 Nd7 9. O-O-O Be7 10. Bd3 b6 11. Neg5 $5 {A new
move in very popular position. White is starting an actions on the kingnside
without preliminary preparations.} (11. h4 Bb7 12. Rh3 (12. Qe2 Nf6 13. Neg5
Bxf3 14. Nxf3 Qd6 15. Ne5 c5 16. dxc5 Qxc5 17. Kb1 Bd6 18. Nc4 Rfd8 19. g4 Bf8
20. Nd2 $14 {Van den Doel,E-Sakalauskas,V/Bled 2002}) (12. c3 c5 13. Neg5 (13.
dxc5 Qc7 14. Neg5 Nf6 15. Qe2 Qf4+ 16. Kb1 Bxc5 17. g3 Bxf3 18. Nxf3 Qc7 $11 {
Al Modiahki,M-Arizmendi Martinez,J/Biel 2002}) 13... Nf6 14. Qc2 g6 15. h5 Nxh5
16. Nxe6 fxe6 17. Bxg6 Nf4 18. Bxh7+ $40 {Ivanchuk,V-Radjabov,T/Moscow 2002})
12... c5 13. Rg3 Qc7 14. dxc5 Rfd8 15. Nfg5 $1 bxc5 16. Nd6 Bxd6 17. Bxh7+ Kf8
18. Qxd6+ Qxd6 19. Rxd6 $16 {Gashimov,V-Dizdar,G/Dubai 2003}) (11. Qf4 $5 Bb7
12. h4 Nf6 13. Neg5 Qd6 14. Ne5 Rad8 15. Rh3 h6 16. g4 c5 17. Ngxf7 Qxd4 18.
Qxd4 Rxd4 19. g5 $36 {Guliev,L-Gouliev,N/Baku 2001}) 11... h6 12. Bh7+ $1 {
It's very important to drag black king to h8 for the further combination.
Ftacnik: 'The dreams of a great chessplayers include the desire to
ocassionally win the game stright from the preparation. In a well known
position Polgar comes with a concept of violent attack on the black king with
little concern for the material sacrifices. '} (12. h4 Bb7 13. Bh7+ Kh8 14. Be4
Bxe4 15. Nxe4 c5 16. d5 exd5 17. Qxd5 Nf6 18. Qf5 Qc8 19. Qxc8 Rfxc8 20. Nxf6
Bxf6 21. g4 $14 {Al Modiahki,M-Abdul,M/Doha 2002}) 12... Kh8 13. Be4 hxg5 $2 {
My guess is that black overlooked Judit's reply, otherwise he wouldn't dare to
take the knight which was beging to be taken.} (13... Rb8 14. h4 Ba6 (14... Nf6
15. Ne5 Nxe4 16. Ngxf7+ Kg8 17. Nxd8 Nxd2 18. Ndc6 $18) 15. Qf4 $36) 14. g4 $3
$40 {Brilliant move! White's idea is to open an h-file and deliver a mate. For
this purpose white is ready to waste a precious tempo. However this tempo
doesn't help black to build up a defensive line up on the kingside since his
rook is attacked and he has to move it.} (14. Bxa8 $2 g4 $15 {[%cal Ge7g5]})
14... Rb8 15. h4 g6 ({It's hard to believe that black would've survived also
after} 15... gxh4 16. g5 Kg8 17. Qf4 f5 18. Bc6 Kf7 19. Qxh4 Bd6 20. Rde1 $40)
16. hxg5+ Kg7 17. Qf4 {Ftacnik: 'It is almost sure that white had this very
position on the board during preparation, black pieces are too passive for the
sucessful coping with the threats along the open h file.'} Bb7 ({An only move
not to lose on the spot was} 17... Rh8 $8 {however it wouldn't influence an
outcome of the game.} 18. Rxh8 (18. Rh6 $6 Bxg5 19. Nxg5 Rxh6 20. Qxf7+ Kh8 21.
Qf4 Qf8 22. Nf7+ Kh7 $17) 18... Qxh8 19. Ne5 Qe8 20. Rh1 $18 {[%cal Gf4h2] and
black is helpless against Qh2.}) 18. Rh7+ $1 Kxh7 (18... Kg8 19. Rdh1 f5 20.
gxf6 Bxf6 21. Rh8+ Bxh8 22. Rxh8+ Kxh8 23. Qh6+ Kg8 24. Qxg6+ Kh8 25. Qh7#) 19.
Qh2+ Kg8 20. Rh1 Bxg5+ 21. Nxg5 Qxg5+ 22. f4 Qxf4+ 23. Qxf4 Bxe4 24. Qxe4 1-0